000 00712cam a22002651 4500
001 8361
003 BD-RjUL
005 20211208234556.0
008 140118s1954 nyua 001 0 eng
035 _a(BD-RjUL)8406
035 _a(OCoLC)1064984
040 _aDLC
_cNmLcU
_dOCoLC
_dDLC
_dBD-RjUL
_beng
041 _aeng
082 _a629.1388
_bCAW 1954
100 1 _aCaidin, Martin,
_d1927-
_926039
245 1 0 _aWorlds in space /
_cWith illus. by Fred L. Wolff.
250 _a[1st ed.]
260 _aNew York :
_bHolt ,
_c1954
300 _ax, 212 p. :
_billus. ;
_c20 cm.
504 _aIncludes index.
650 0 _aSpace flight.
_924874
942 _2ddc
_cBK
999 _c8361
_d8361